000 00620nam a2200169 4500
008 180103b xxu||||| |||| 00| 0 eng d
020 _a0538832274
082 _21995
_aDC 657.42
_bH19
100 _925353
_aHansen, Don R., author.
245 _aCost management :
_baccounting and control /
_cDon R. Hansen, Maryanne M. Mowen.
260 _aOhio :
_bSouth-Western College Publishing,
_c©1995.
300 _axxi, 1023 pages :
_bcolored illustrations ;
_c26 cm.
500 _aIncludes bibliographical references and index.
650 0 _925355
_aAccounting
700 _925354
_aMowen, Maryanne M., author.
942 _2ddc
_cDFIL
999 _c8198
_d8198